000 00184 a2200097 4500
020 _a9780735222366
041 _aeng
100 _aLincoln Highway
245 _aAmor Towles
942 _cBK
999 _c30586
_d30584